[Event "Landesklasse Ost 2011/2012"]
[Site "?"]
[Date "2011.03.04"]
[Round "7"]
[White "Pietzsch, Gerhard"]
[Black "Werner, Daniel"]
[Result "1/2-1/2"]
[WhiteElo "1787"]
[BlackElo "1695"]
[PlyCount "65"]
[EventDate "2011.??.??"]
[WhiteTeam "SV Hermsdorf"]
[BlackTeam "TSV Zeulenroda"]

1. e4 e5 2. Nf3 Nc6 3. Bc4 Bc5 4. c3 Nf6 5. d4 exd4 6. cxd4 Bb4+ 7. Nc3 Nxe4 8.
O-O Bxc3 9. d5 Nd6 10. bxc3 Ne7 11. Bb3 O-O 12. Bf4 Ng6 13. Bg3 b6 14. Re1 Ba6
15. Qd2 Re8 16. Rxe8+ Qxe8 17. Re1 Qf8 18. Ba4 b5 19. Bc2 Re8 20. Nd4 Rxe1+ 21.
Qxe1 Qe7 22. Qxe7 Nxe7 23. Bb3 Nc4 24. Bxc7 Nxd5 25. Bb8 Nxc3 26. Bxa7 Nd2 27.
Bc5 g6 28. Bb4 Nxb3 29. axb3 Nd5 30. Bd6 f5 31. f4 Kf7 32. Kf2 Ne7 33. Ke3
1/2-1/2

[Event "Landesklasse Ost 2011/2012"]
[Site "?"]
[Date "2011.03.04"]
[Round "7"]
[White "Riemer, Marion"]
[Black "Hädrich, Dirk"]
[Result "1/2-1/2"]
[WhiteElo "1721"]
[BlackElo "1766"]
[PlyCount "93"]
[EventDate "2011.??.??"]
[WhiteTeam "TSV Zeulenroda"]
[BlackTeam "SV Hermsdorf"]

1. e4 e6 2. d4 d5 3. exd5 exd5 4. Bd3 Bd6 5. Nf3 Ne7 6. O-O O-O 7. Re1 Bf5 8.
Bg5 f6 9. Be3 c6 10. Nh4 Bxd3 11. Qxd3 Na6 12. c3 Qd7 13. Nd2 Qg4 14. Nhf3 Nc7
15. c4 dxc4 16. Nxc4 Bb4 17. Red1 Ned5 18. Qb3 Rab8 19. a3 Be7 20. h3 Qh5 21.
Ncd2 Qf7 22. Ne4 Rfe8 23. Bd2 Nb5 24. Rac1 Nb6 25. Qxf7+ Kxf7 26. Bf4 Rbd8 27.
Nc5 Bxc5 28. Rxc5 Nd5 29. Bg3 Re2 30. Rb1 Nd6 31. Kf1 Re4 32. Bxd6 Rxd6 33. Rc2
Nf4 34. Rd2 Rd5 35. b4 h5 36. Rbd1 Ne6 37. Re1 Rxe1+ 38. Kxe1 Nf4 39. Kf1 g5
40. Ne1 Ne6 41. Nc2 f5 42. Ke1 Kf6 43. g3 g4 44. h4 f4 45. Rd3 Kf5 46. Kd2 Ke4
47. gxf4 1/2-1/2

[Event "Landesklasse Ost 2011/2012"]
[Site "?"]
[Date "2011.03.04"]
[Round "7"]
[White "Markowski, Erhard"]
[Black "Wiedemann, Volker"]
[Result "0-1"]
[WhiteElo "1675"]
[BlackElo "1816"]
[PlyCount "104"]
[EventDate "2011.??.??"]
[WhiteTeam "SV Hermsdorf"]
[BlackTeam "TSV Zeulenroda"]

1. c4 Nf6 2. Nc3 e6 3. Nf3 d5 4. d4 Be7 5. Bf4 a6 6. c5 b6 7. b4 O-O 8. h3 a5
9. a3 c6 10. e3 Bb7 11. Bd3 Nbd7 12. O-O h6 13. Qe2 Nh7 14. e4 Ng5 15. exd5
Nxf3+ 16. Qxf3 exd5 17. Qg3 axb4 18. axb4 bxc5 19. bxc5 Bg5 20. Rxa8 Bxa8 21.
Bxg5 hxg5 22. Re1 Re8 23. Rxe8+ Qxe8 24. Qe3 Qxe3 25. fxe3 Nf6 26. e4 dxe4 27.
Nxe4 Nxe4 28. Bxe4 Kf8 29. Kf2 Ke7 30. Ke3 Ke6 31. Bc2 f5 32. Bb3+ Kf6 33. g3
Bb7 34. Bc4 g6 35. Bb3 Ba8 36. Ba4 Bb7 37. Bb3 Ba8 38. Bc4 Bb7 39. Kf3 Ba8 40.
Ba6 Ke7 41. Bc8 Kd8 42. Ba6 Ke7 43. Ke3 Kd7 44. Kd3 Kd8 45. Kc3 Kd7 46. Kb4 Kd8
47. Ka5 Kc7 48. Bc4 f4 49. Bd3 fxg3 50. Bf1 Bb7 51. Kb4 Bc8 52. Kc3 Be6 0-1

[Event "Landesklasse Ost 2011/2012"]
[Site "?"]
[Date "2011.03.04"]
[Round "7"]
[White "Prütting, Kerstin"]
[Black "Hirsch, Ronny"]
[Result "0-1"]
[WhiteElo "1639"]
[BlackElo "1578"]
[PlyCount "80"]
[EventDate "2011.??.??"]
[WhiteTeam "TSV Zeulenroda"]
[BlackTeam "SV Hermsdorf"]

1. e4 c5 2. Nf3 e6 3. d4 cxd4 4. Nxd4 a6 5. Nc3 Nc6 6. Be3 Nge7 7. Qd2 Nxd4 8.
Bxd4 Nc6 9. Be3 b5 10. Be2 Bb7 11. O-O Qc7 12. Rad1 Rd8 13. Bf4 d6 14. Qe3 Be7
15. Qg3 Kf8 16. Rd2 Ne5 17. Rfd1 Bf6 18. Bxb5 Ke7 19. Ba4 Bc6 20. Bb3 Rd7 21.
Kh1 Rhd8 22. Bg5 Bxg5 23. Qxg5+ Kf8 24. f4 Ng6 25. f5 exf5 26. exf5 h6 27. Qh5
Qa5 28. Bd5 Nf4 29. Qf3 Nxd5 30. Nxd5 Qxa2 31. Qc3 Bxd5 32. Rxd5 Qa4 33. b4 Rb8
34. R1d4 a5 35. b5 Rxb5 36. h3 Rb4 37. Rxb4 Qxb4 38. Qd3 Re7 39. Rxd6 Re1+ 40.
Kh2 Qf4+ 0-1

[Event "Landesklasse Ost 2011/2012"]
[Site "?"]
[Date "2011.03.04"]
[Round "7"]
[White "Pietsch, Karsten"]
[Black "Stieber, Mike"]
[Result "0-1"]
[WhiteElo "1669"]
[BlackElo "1438"]
[PlyCount "98"]
[EventDate "2011.??.??"]
[WhiteTeam "SV Hermsdorf"]
[BlackTeam "TSV Zeulenroda"]

1. d4 d5 2. c4 Nf6 3. cxd5 Nxd5 4. e4 Nb6 5. Nc3 e6 6. Nf3 a6 7. Be3 N8d7 8. a4
Nf6 9. Bd3 Nbd7 10. O-O c6 11. e5 Nd5 12. Nxd5 exd5 13. Ng5 Be7 14. Nxh7 g6 15.
e6 Rxh7 16. exd7+ Bxd7 17. Qc2 Rg7 18. Rfe1 Be6 19. Bf4 Qb6 20. a5 Qd8 21. Qb3
Qd7 22. Rac1 Kf8 23. Bh6 Bf6 24. Qb6 Kg8 25. Bxg7 Kxg7 26. Rc3 Bd8 27. Qb4 Be7
28. Qa4 Rh8 29. g3 Bd6 30. Rc2 Qe7 31. Bf1 Qg5 32. Qb3 Qe7 33. Qe3 Bb4 34. Qe5+
Kh7 35. Ra1 Qd8 36. f4 Bxa5 37. Qg5 f6 38. Qh4+ Kg7 39. Qxh8+ Kxh8 40. Ra3 Bb6
41. Rd2 Bf5 42. Be2 Be4 43. g4 Bc7 44. f5 gxf5 45. Rh3+ Kg7 46. gxf5 Bxf5 47.
Rh4 Be4 48. Bd3 f5 49. Rh3 Qg5+ 0-1

[Event "Landesklasse Ost 2011/2012"]
[Site "?"]
[Date "2011.03.04"]
[Round "7"]
[White "Steinacker, Alex"]
[Black "Rauhut, Frank"]
[Result "1/2-1/2"]
[WhiteElo "2153"]
[BlackElo "1920"]
[PlyCount "136"]
[EventDate "2011.??.??"]
[WhiteTeam "Erfurter Schachklub"]
[BlackTeam "SV Jenapharm Jena"]

1. Nc3 g6 2. d4 Bg7 3. e4 c5 4. d5 d6 5. Be3 Nf6 6. Bb5+ Bd7 7. Bxd7+ Nbxd7 8.
h3 Qa5 9. Bd2 b5 10. Qe2 Rb8 11. Nf3 O-O 12. O-O b4 13. Nd1 Qb5 14. Re1 Qxe2
15. Rxe2 Nb6 16. Bg5 Rfe8 17. Rb1 h6 18. Bxf6 exf6 19. Re3 Nc4 20. Re1 Re7 21.
b3 Na3 22. Rc1 Rbe8 23. Ne3 Rxe4 24. Nd2 R4e7 25. Rf1 f5 26. Ndc4 f4 27. Nxd6
fxe3 28. Nxe8 e2 29. Rfe1 Rxe8 30. d6 Bf6 31. d7 Re6 32. c3 bxc3 33. Rxc3 Rd6
34. Re3 Nc2 35. Re8+ Kg7 36. R1xe2 Nd4 37. Re1 Rxd7 38. Rc8 Ne6 39. Re2 Rc7 40.
Ra8 Bd4 41. g3 c4 42. bxc4 Rxc4 43. Rb8 h5 44. Rb7 Kf6 45. Kg2 Bb6 46. Rd7 Rd4
47. Rb7 Rd3 48. h4 Nc5 49. Rb8 Rd8 50. Rxd8 Bxd8 51. f3 Kf5 52. Re8 Ne6 53. Kf2
Bb6+ 54. Kg2 Bc5 55. Rb8 Nd4 56. Rb7 f6 57. Rc7 Bb6 58. Re7 Nc2 59. Re4 Ne3+
60. Kh3 Nd1 61. Rc4 g5 62. hxg5 fxg5 63. Rc8 g4+ 64. Kg2 Ne3+ 65. Kf2 Nc2+ 66.
Kg2 Ne3+ 67. Kf2 Nc2+ 68. Kf1 Ne3+ 1/2-1/2

[Event "Landesklasse Ost 2011/2012"]
[Site "?"]
[Date "2011.03.04"]
[Round "7"]
[White "Böhm, Christian"]
[Black "Streltsyn, Grygoriy"]
[Result "1/2-1/2"]
[WhiteElo "1844"]
[BlackElo "2125"]
[PlyCount "87"]
[EventDate "2011.??.??"]
[WhiteTeam "SV Jenapharm Jena"]
[BlackTeam "Erfurter Schachklub"]

1. e4 c6 2. d3 d5 3. Nd2 Nf6 4. Ngf3 Bg4 5. h3 Bxf3 6. Qxf3 e6 7. g3 Nbd7 8.
Bg2 dxe4 9. Nxe4 Nxe4 10. dxe4 Ne5 11. Qb3 Qb6 12. Qxb6 axb6 13. Bd2 Nc4 14.
Bc3 b5 15. Bf1 Nb6 16. b3 f6 17. Bd4 Nd7 18. a4 bxa4 19. Rxa4 Rxa4 20. bxa4 e5
21. Be3 Bc5 22. Kd2 Ke7 23. Bc4 Ra8 24. Bb3 Bxe3+ 25. Kxe3 Nc5 26. Ra1 Ra5 27.
Rb1 Kd6 28. f4 exf4+ 29. gxf4 g5 30. e5+ fxe5 31. fxg5 Nxa4 32. Ra1 b5 33. Bg8
Ra7 34. h4 Rg7 35. Rd1+ Ke7 36. Bb3 Nc5 37. Rf1 Nxb3 38. cxb3 Kd6 39. Ke4 Re7
40. Rf6+ Kc5 41. h5 Rg7 42. g6 hxg6 43. hxg6 Kb4 44. Rxc6 1/2-1/2

[Event "Landesklasse Ost 2011/2012"]
[Site "?"]
[Date "2011.03.04"]
[Round "7"]
[White "Troyke, Doreen"]
[Black "Krabel, Stefan"]
[Result "1/2-1/2"]
[WhiteElo "2053"]
[BlackElo "1848"]
[PlyCount "44"]
[EventDate "2011.??.??"]
[WhiteTeam "Erfurter Schachklub"]
[BlackTeam "SV Jenapharm Jena"]

1. c4 c5 2. g3 g6 3. Bg2 Bg7 4. Nc3 Nc6 5. Nf3 e5 6. O-O Nge7 7. d3 d6 8. Rb1
O-O 9. a3 a5 10. b3 Rb8 11. Bb2 f5 12. Qd2 h6 13. e3 Be6 14. Rfd1 d5 15. cxd5
Nxd5 16. Qc2 Nxc3 17. Bxc3 b6 18. Qb2 Qc7 19. Rbc1 Qf7 20. Nxe5 Nxe5 21. Bxe5
Bxe5 22. Qxe5 Bxb3 1/2-1/2

[Event "Landesklasse Ost 2011/2012"]
[Site "?"]
[Date "2011.03.04"]
[Round "7"]
[White "Wolf, Isaak"]
[Black "Schneider, Thomas"]
[Result "0-1"]
[WhiteElo "1871"]
[BlackElo "1837"]
[PlyCount "64"]
[EventDate "2011.??.??"]
[WhiteTeam "SV Jenapharm Jena"]
[BlackTeam "Erfurter Schachklub"]

1. e4 c6 2. d4 d5 3. exd5 cxd5 4. Nf3 Nf6 5. c4 Nc6 6. Nc3 Bg4 7. Be3 e6 8. Be2
dxc4 9. Bxc4 Be7 10. O-O O-O 11. h3 Bh5 12. g4 Bg6 13. Ne5 Nb4 14. Ne2 Bc2 15.
Qe1 Be4 16. f3 Nc2 17. Qc1 Nxe3 18. Qxe3 Bd5 19. Bd3 b6 20. g5 Nd7 21. h4 Nxe5
22. Qxe5 Bb7 23. Qg3 Bd6 24. Qg4 e5 25. dxe5 Bc5+ 26. Kg2 Qxd3 27. Nf4 Qc2+ 28.
Kg3 Bc8 29. Qh5 Qf5 30. Rfe1 Re8 31. Rad1 g6 32. Qh6 Bf8 0-1

[Event "Landesklasse Ost 2011/2012"]
[Site "?"]
[Date "2011.03.04"]
[Round "7"]
[White "Fischer, Dieter"]
[Black "Jung, Florian"]
[Result "1/2-1/2"]
[WhiteElo "1954"]
[BlackElo "1819"]
[PlyCount "32"]
[EventDate "2011.??.??"]
[WhiteTeam "Erfurter Schachklub"]
[BlackTeam "SV Jenapharm Jena"]

1. e4 c5 2. Nc3 Nc6 3. f4 d6 4. Nf3 g6 5. Bc4 Bg7 6. O-O e6 7. f5 gxf5 8. exf5
d5 9. Bb5 d4 10. Ne4 exf5 11. Nxc5 Qd5 12. Qe2+ Kd8 13. Nb3 Be6 14. Ng5 Ne5 15.
a4 a6 16. Bd3 Ne7 1/2-1/2

[Event "Landesklasse Ost 2011/2012"]
[Site "?"]
[Date "2011.03.04"]
[Round "7"]
[White "Wicklein, Stefan"]
[Black "Friedt, Edmund"]
[Result "1/2-1/2"]
[WhiteElo "1963"]
[BlackElo "1888"]
[PlyCount "148"]
[EventDate "2011.??.??"]
[WhiteTeam "SV Jenapharm Jena"]
[BlackTeam "Erfurter Schachklub"]

1. d4 Nf6 2. c4 e6 3. g3 Bb4+ 4. Bd2 Qe7 5. a3 Bxd2+ 6. Nxd2 d5 7. Ngf3 O-O 8.
Bg2 Nbd7 9. O-O c6 10. Qc2 e5 11. cxd5 Nxd5 12. Nxe5 Nxe5 13. Bxd5 cxd5 14.
dxe5 Qxe5 15. Nf3 Qf6 16. Rfd1 Be6 17. Rac1 Rac8 18. Qd2 Qf5 19. Qe3 b6 20. Nd4
Qf6 21. Kg2 Rfe8 22. Qf4 Qxf4 23. gxf4 Kf8 24. Kf3 Bd7 25. Rxc8 Rxc8 26. Rd2
Ke7 27. Nc2 Rc5 28. Nb4 Ke6 29. Nd3 Rc7 30. Nb4 Rc5 31. Ke3 f6 32. Rd1 a5 33.
Nd3 Rc4 34. f3 Ba4 35. Rg1 g6 36. h4 Bc2 37. h5 Bxd3 38. Kxd3 Rxf4 39. hxg6
hxg6 40. Rxg6 Ke5 41. Rg8 Kd6 42. Rc8 Rf5 43. Kd4 Rf4+ 44. Kd3 Rf5 45. Re8 Kd7
46. Rf8 Kd6 47. Ke3 Re5+ 48. Kd3 Rf5 49. Rf7 Rf4 50. Kd2 Rf5 51. Kc2 Rf4 52.
Kb3 Kc5 53. Rc7+ Kd6 54. Rc8 Kd7 55. Rf8 Kd6 56. Kc3 Rc4+ 57. Kd3 Rf4 58. b3
Rf5 59. Kc3 Rf4 60. b4 axb4+ 61. axb4 Kc6 62. Rd8 Rc4+ 63. Kb3 Rd4 64. Ka4 Rd2
65. Rc8+ Kb7 66. Re8 d4 67. Kb5 d3 68. Re7+ Kc8 69. exd3 Rxd3 70. Kc6 Rc3+ 71.
Kxb6 Rxf3 72. b5 f5 73. Re8+ Kd7 74. Rh8 Rb3 1/2-1/2

[Event "Landesklasse Ost 2011/2012"]
[Site "?"]
[Date "2011.03.04"]
[Round "7"]
[White "Friedt, Marius"]
[Black "Vater, Rainer"]
[Result "1-0"]
[WhiteElo "1793"]
[BlackElo "1777"]
[PlyCount "59"]
[EventDate "2011.??.??"]
[WhiteTeam "Erfurter Schachklub"]
[BlackTeam "SV Jenapharm Jena"]

1. e4 d5 2. exd5 Qxd5 3. Nc3 Qd6 4. Nf3 Bg4 5. Be2 Nf6 6. d4 e6 7. Nb5 Qb6 8.
Be3 Bxf3 9. gxf3 Nd5 10. c4 Nxe3 11. fxe3 c6 12. c5 Qd8 13. Nc3 Qh4+ 14. Kd2
Nd7 15. Bd3 O-O-O 16. Kc2 Bxc5 17. Qe2 Bd6 18. Rag1 g6 19. Ne4 Qe7 20. Kb1 e5
21. dxe5 Nxe5 22. Bc2 f5 23. Nc3 Bb4 24. e4 Bxc3 25. bxc3 fxe4 26. Qxe4 Qf6 27.
f4 Nf7 28. Rd1 Rhe8 29. Rxd8+ Nxd8 30. Qxe8 1-0

[Event "Landesklasse Ost 2011/2012"]
[Site "?"]
[Date "2011.03.04"]
[Round "7"]
[White "Fauth, Frank"]
[Black "August, Christian"]
[Result "1/2-1/2"]
[WhiteElo "1754"]
[BlackElo "1942"]
[PlyCount "39"]
[EventDate "2011.??.??"]
[WhiteTeam "SV Jenapharm Jena"]
[BlackTeam "Erfurter Schachklub"]

1. d4 Nf6 2. c4 e6 3. Nc3 Bb4 4. Bd2 d5 5. e3 O-O 6. Nf3 Nbd7 7. Bd3 dxc4 8.
Bxc4 b6 9. O-O Bb7 10. a3 Bxc3 11. Bxc3 Ne4 12. Rc1 Nxc3 13. Rxc3 Nf6 14. Qe2
Ne4 15. Rc2 c5 16. dxc5 Nxc5 17. b4 Ne4 18. Ba6 Qe7 19. Rfc1 Bd5 20. Bc4
1/2-1/2

[Event "Landesklasse Ost 2011/2012"]
[Site "?"]
[Date "2011.04.01"]
[Round "8"]
[White "Pähtz, Thomas"]
[Black "Krüger, Rainer"]
[Result "1-0"]
[WhiteElo "2380"]
[BlackElo "2123"]
[PlyCount "57"]
[EventDate "2011.??.??"]
[WhiteTeam "ESV Lok Sömmerda"]
[BlackTeam "Erfurter Schachklub"]

1. e4 c5 2. Nf3 Nc6 3. d4 cxd4 4. Nxd4 e5 5. Nb5 a6 6. Nd6+ Bxd6 7. Qxd6 Qf6 8.
Qxf6 Nxf6 9. Nc3 Nb4 10. Bd3 Nxd3+ 11. cxd3 h6 12. b3 d6 13. Ba3 Ke7 14. f4 Ke6
15. f5+ Ke7 16. O-O-O Bd7 17. Kb2 Rhc8 18. Rhe1 Rc6 19. d4 exd4 20. Rxd4 Rac8
21. Re3 Ng4 22. Rg3 Ne5 23. Rxd6 Kd8 24. Rxg7 Kc7 25. Rd2 b5 26. Nd5+ Kb7 27.
Ne7 a5 28. Nxc8 Kxc8 29. Bd6 1-0

[Event "Landesklasse Ost 2011/2012"]
[Site "?"]
[Date "2011.04.01"]
[Round "8"]
[White "Troyke, Doreen"]
[Black "Wanzek, Daniel"]
[Result "0-1"]
[WhiteElo "2046"]
[BlackElo "2093"]
[PlyCount "36"]
[EventDate "2011.??.??"]
[WhiteTeam "Erfurter Schachklub"]
[BlackTeam "ESV Lok Sömmerda"]

1. c4 e5 2. g3 Nc6 3. Bg2 g6 4. Nc3 Bg7 5. d3 d6 6. e3 Nf6 7. Nge2 O-O 8. O-O
Be6 9. Nd5 Qd7 10. Re1 Bh3 11. Bh1 Ng4 12. Rb1 Rae8 13. b4 Nd8 14. b5 Ne6 15.
Qc2 f5 16. f3 f4 17. Nexf4 exf4 18. fxg4 Nd4 0-1

[Event "Landesklasse Ost 2011/2012"]
[Site "?"]
[Date "2011.04.01"]
[Round "8"]
[White "Schneider, Thomas"]
[Black "Kalisch, Michael"]
[Result "1/2-1/2"]
[WhiteElo "1837"]
[BlackElo "1926"]
[PlyCount "45"]
[EventDate "2011.??.??"]
[WhiteTeam "Erfurter Schachklub"]
[BlackTeam "ESV Lok Sömmerda"]

1. d4 Nf6 2. c4 e6 3. Nf3 d5 4. Nc3 Be7 5. Bg5 Nbd7 6. e3 O-O 7. Qc2 a6 8. cxd5
exd5 9. Bd3 c6 10. O-O Re8 11. Rab1 Nf8 12. b4 Bd6 13. a4 Ng6 14. b5 axb5 15.
axb5 h6 16. Bxf6 Qxf6 17. bxc6 bxc6 18. e4 Nh4 19. Nxh4 Qxh4 20. g3 Qg4 21.
exd5 Qxd4 22. Rfd1 Qe5 23. Qd2 1/2-1/2

[Event "Landesklasse Ost 2011/2012"]
[Site "?"]
[Date "2011.04.01"]
[Round "8"]
[White "Kühn, Karsten"]
[Black "Fischer, Dieter"]
[Result "1-0"]
[WhiteElo "1943"]
[BlackElo "1954"]
[PlyCount "47"]
[EventDate "2011.??.??"]
[WhiteTeam "ESV Lok Sömmerda"]
[BlackTeam "Erfurter Schachklub"]

1. e4 d5 2. Nc3 d4 3. Nce2 c5 4. f4 Nf6 5. d3 g6 6. Nf3 Bg4 7. Ne5 h5 8. h3 Be6
9. g3 Nbd7 10. Nf3 Nb6 11. Bg2 Bg7 12. O-O O-O 13. Ng5 Qc8 14. f5 gxf5 15. Nf4
fxe4 16. Ngxe6 fxe6 17. dxe4 e5 18. Ng6 Re8 19. Nxe5 Nbd7 20. Nxd7 Nxd7 21.
Qxh5 Rf8 22. Bh6 Qc6 23. Bxg7 Kxg7 24. Qg4+ 1-0

[Event "Landesklasse Ost 2011/2012"]
[Site "?"]
[Date "2011.04.01"]
[Round "8"]
[White "August, Christian"]
[Black "Kirste, Olaf"]
[Result "1-0"]
[WhiteElo "1942"]
[BlackElo "1841"]
[PlyCount "61"]
[EventDate "2011.??.??"]
[WhiteTeam "Erfurter Schachklub"]
[BlackTeam "ESV Lok Sömmerda"]

1. e4 c5 2. Nf3 e6 3. d4 cxd4 4. Nxd4 Nf6 5. Bd3 a6 6. O-O d6 7. b3 Be7 8. Bb2
O-O 9. Nd2 Qc7 10. c4 Nbd7 11. Qe2 Re8 12. Rac1 Nf8 13. f4 N6d7 14. N4f3 Qc5+
15. Kh1 Qh5 16. g4 Qh6 17. g5 Qh5 18. Qg2 Ng6 19. Qg3 e5 20. fxe5 Ndxe5 21. Be2
Qh3 22. Qf2 Ng4 23. Qd4 N6e5 24. Qg1 Rf8 25. Rc3 Nxf3 26. Rcxf3 Qh4 27. Rf4
Bxg5 28. Nf3 Nf2+ 29. Rxf2 Qxf4 30. Nxg5 Qh4 31. Bxg7 1-0

[Event "Landesklasse Ost 2011/2012"]
[Site "?"]
[Date "2011.04.01"]
[Round "8"]
[White "Rosenhan, Jonas"]
[Black "Böhnke, Hartmut"]
[Result "1/2-1/2"]
[WhiteElo "1632"]
[BlackElo "1723"]
[PlyCount "85"]
[EventDate "2011.??.??"]
[WhiteTeam "Erfurter Schachklub"]
[BlackTeam "ESV Lok Sömmerda"]

1. Nc3 e6 2. e4 d5 3. d4 Nf6 4. Bd3 dxe4 5. Nxe4 Nbd7 6. Qe2 Nxe4 7. Bxe4 Nf6
8. Bxb7 Bxb7 9. Qb5+ Nd7 10. Qxb7 Bd6 11. Nf3 O-O 12. O-O c5 13. Qc6 Qe7 14.
dxc5 Bxc5 15. Rd1 Rad8 16. Qe4 Nf6 17. Qe2 Rxd1+ 18. Qxd1 Ng4 19. Be3 Nxe3 20.
fxe3 Bxe3+ 21. Kh1 Qb4 22. Rb1 Bb6 23. Qe2 h6 24. c4 Rc8 25. b3 Rd8 26. Rf1 Bc7
27. Qf2 Bb6 28. Qb2 f6 29. a3 Qd6 30. Re1 e5 31. b4 Qd3 32. c5 Bc7 33. Qc1 e4
34. Ng1 f5 35. Re3 Qd4 36. Re1 f4 37. Ne2 Qe5 38. g3 f3 39. Nf4 e3 40. Rxe3
Rd1+ 41. Qxd1 Qxe3 42. Qd5+ Kh8 43. Ng6+ 1/2-1/2

[Event "Landesklasse Ost 2011/2012"]
[Site "?"]
[Date "2011.04.01"]
[Round "8"]
[White "Klebe, Jan"]
[Black "Rauhut, Frank"]
[Result "1/2-1/2"]
[WhiteElo "1930"]
[BlackElo "1920"]
[PlyCount "63"]
[EventDate "2011.??.??"]
[WhiteTeam "MTV 1876 Saalfeld"]
[BlackTeam "SV Jenapharm Jena"]

1. e4 g6 2. d4 Bg7 3. Nc3 c5 4. dxc5 Bxc3+ 5. bxc3 Qa5 6. Bd3 Qxc3+ 7. Bd2 Qxc5
8. Ne2 Nf6 9. O-O O-O 10. Rb1 d6 11. Kh1 b6 12. f4 Bb7 13. Nc3 Nbd7 14. Qe2 Qh5
15. Rf3 Nc5 16. Qe1 Nxd3 17. cxd3 Ng4 18. h3 f5 19. Rg3 Nf6 20. Rg5 Qh6 21. Kg1
Bc8 22. e5 Ne8 23. exd6 Nxd6 24. Qxe7 Nf7 25. Nd5 Nxg5 26. Bc3 Ne6 27. Re1 Rf7
28. Nf6+ Rxf6 29. Qxf6 Qg7 30. Rxe6 Qxf6 31. Rxf6 Ba6 32. Rd6 1/2-1/2

[Event "Landesklasse Ost 2011/2012"]
[Site "?"]
[Date "2011.04.01"]
[Round "8"]
[White "Thöle, Wolfgang"]
[Black "Liebisch, Dieter"]
[Result "1/2-1/2"]
[WhiteElo "1941"]
[BlackElo "1963"]
[PlyCount "129"]
[EventDate "2011.??.??"]
[WhiteTeam "SV Jenapharm Jena"]
[BlackTeam "MTV 1876 Saalfeld"]

1. e4 Nf6 2. Nc3 d5 3. exd5 Nxd5 4. d4 Bf5 5. Bc4 e6 6. Nge2 c6 7. O-O Bd6 8.
Nxd5 cxd5 9. Bd3 Bg6 10. f4 Nc6 11. c3 Qh4 12. Rf3 O-O 13. Rh3 Qf6 14. Bd2 Ne7
15. Be1 Bxd3 16. Qxd3 Qg6 17. Qxg6 Nxg6 18. Rf3 b5 19. f5 exf5 20. Rxf5 Ne7 21.
Rf3 Rfc8 22. Ng3 g6 23. Bd2 f5 24. Re1 Kf7 25. Bg5 Re8 26. Rfe3 Ng8 27. Rxe8
Rxe8 28. Rxe8 Kxe8 29. Ne2 Kd7 30. Bf4 Be7 31. Be5 a5 32. Nf4 Kc6 33. Kf2 b4
34. Ke3 g5 35. Nd3 bxc3 36. bxc3 Kb5 37. Kd2 h5 38. Nb2 a4 39. Kd3 h4 40. c4+
dxc4+ 41. Nxc4 Kb4 42. Nd6 f4 43. Nf5 Bf8 44. Ke4 Kb5 45. h3 Kc6 46. d5+ Kd7
47. d6 Ke6 48. Nd4+ Kd7 49. Kd5 Nh6 50. Ne6 Bxd6 51. Bxd6 Nf7 52. Nc5+ Ke8 53.
Nxa4 Nxd6 54. Ke5 Kd7 55. Nc3 Kc6 56. Ne4 Nc4+ 57. Kf5 Ne3+ 58. Kxg5 Nxg2 59.
Kg4 Kd5 60. Nf6+ Ke5 61. Nd7+ Ke4 62. Nf6+ Ke3 63. Nd5+ Ke4 64. Nxf4 Nxf4 65.
Kxh4 1/2-1/2

[Event "Landesklasse Ost 2011/2012"]
[Site "?"]
[Date "2011.04.01"]
[Round "8"]
[White "Petzold, Thomas"]
[Black "Wolf, Isaak"]
[Result "0-1"]
[WhiteElo "1886"]
[BlackElo "1871"]
[PlyCount "44"]
[EventDate "2011.??.??"]
[WhiteTeam "MTV 1876 Saalfeld"]
[BlackTeam "SV Jenapharm Jena"]

1. Nf3 d5 2. d4 Nf6 3. c4 e6 4. Nc3 Be7 5. e3 O-O 6. Bd3 dxc4 7. Bxc4 b6 8. O-O
Bb7 9. Qc2 c5 10. Rd1 Nbd7 11. e4 cxd4 12. Rxd4 Bc5 13. Rd2 Rc8 14. Bd3 Qc7 15.
Qb3 Ne5 16. Nxe5 Qxe5 17. h3 Rfd8 18. Bc2 Bxe4 19. Nxe4 Nxe4 20. Re2 Bxf2+ 21.
Rxf2 Nxf2 22. Kxf2 Qc5+ 0-1

[Event "Landesklasse Ost 2011/2012"]
[Site "?"]
[Date "2011.04.01"]
[Round "8"]
[White "Wagner, Günther"]
[Black "Krämer, Alexander"]
[Result "1/2-1/2"]
[WhiteElo "1811"]
[BlackElo "1871"]
[PlyCount "56"]
[EventDate "2011.??.??"]
[WhiteTeam "SV Jenapharm Jena"]
[BlackTeam "MTV 1876 Saalfeld"]

1. e4 e6 2. d4 d5 3. Nc3 dxe4 4. Nxe4 Nd7 5. Nf3 Ngf6 6. Bd3 Be7 7. O-O O-O 8.
Qe2 b6 9. Nxf6+ Nxf6 10. Bg5 Bb7 11. Rad1 h6 12. Bh4 Qd5 13. c4 Qh5 14. d5 Rae8
15. Bxf6 Bxf6 16. Qe4 g6 17. Qf4 Bg5 18. Qxc7 Re7 19. Qg3 exd5 20. cxd5 Rd8 21.
Nxg5 Qxg5 22. Qxg5 hxg5 23. Bc4 Red7 24. Rd2 Bxd5 25. Bb5 Rc7 26. Rfd1 Rc5 27.
Ba4 Kg7 28. Bb3 Bxb3 1/2-1/2

[Event "Landesklasse Ost 2011/2012"]
[Site "?"]
[Date "2011.04.01"]
[Round "8"]
[White "Böhl, Dietmar"]
[Black "Jung, Florian"]
[Result "1-0"]
[WhiteElo "1827"]
[BlackElo "1819"]
[PlyCount "49"]
[EventDate "2011.??.??"]
[WhiteTeam "MTV 1876 Saalfeld"]
[BlackTeam "SV Jenapharm Jena"]

1. e4 c6 2. Nc3 d5 3. Nf3 Bg4 4. Be2 e6 5. O-O Nd7 6. d4 dxe4 7. Nxe4 Ngf6 8.
Nfg5 Nxe4 9. Nxe4 Bf5 10. Ng3 Bg6 11. f4 Be7 12. f5 Bxf5 13. Nxf5 exf5 14. Rxf5
Nf6 15. Bc4 O-O 16. c3 Qd7 17. Qf3 b5 18. Bb3 Rae8 19. Bg5 Qd6 20. Rf1 a5 21.
Bf4 Qd7 22. Be5 a4 23. Bc2 c5 24. Rxf6 Bxf6 25. Bxf6 1-0

[Event "Landesklasse Ost 2011/2012"]
[Site "?"]
[Date "2011.04.01"]
[Round "8"]
[White "Wicklein, Stefan"]
[Black "Wagner, Ronald"]
[Result "1/2-1/2"]
[WhiteElo "1963"]
[BlackElo "1761"]
[PlyCount "47"]
[EventDate "2011.??.??"]
[WhiteTeam "SV Jenapharm Jena"]
[BlackTeam "MTV 1876 Saalfeld"]

1. d4 Nf6 2. c4 e6 3. g3 d5 4. Bg2 b6 5. Nc3 Bb7 6. Bg5 Be7 7. Nf3 O-O 8. Ne5
h6 9. Bf4 Nbd7 10. O-O Ne4 11. Qc2 Nxc3 12. Qxc3 c5 13. Rfd1 Nxe5 14. Bxe5 f6
15. Bf4 cxd4 16. Qc2 e5 17. Bxh6 gxh6 18. Qg6+ Kh8 19. Qxh6+ Kg8 20. Qg6+ Kh8
21. cxd5 Bxd5 22. Bxd5 Qxd5 23. Rxd4 exd4 24. Qh6+ 1/2-1/2

[Event "Landesklasse Ost 2011/2012"]
[Site "?"]
[Date "2011.04.01"]
[Round "8"]
[White "Müller, Robert"]
[Black "Vater, Rainer"]
[Result "1-0"]
[WhiteElo "1726"]
[BlackElo "1777"]
[PlyCount "141"]
[EventDate "2011.??.??"]
[WhiteTeam "MTV 1876 Saalfeld"]
[BlackTeam "SV Jenapharm Jena"]

1. e4 d5 2. exd5 Qxd5 3. Nc3 Qd6 4. Nf3 Nf6 5. h3 a6 6. d4 b5 7. a3 Bb7 8. Be3
Nbd7 9. Be2 Nb6 10. O-O e6 11. Ne5 Nbd5 12. Nxd5 exd5 13. Bf4 Qd8 14. Re1 Be7
15. Ng4 O-O 16. Qd3 Nxg4 17. Bxg4 Bd6 18. Bxd6 Qxd6 19. Re2 Rae8 20. Rae1 Bc6
21. Re5 Bd7 22. Bxd7 Qxd7 23. Qe3 Rxe5 24. Qxe5 Rd8 25. Qe7 g6 26. Re5 Kg7 27.
c3 h5 28. f4 c6 29. b4 Qxe7 30. Rxe7 a5 31. bxa5 Ra8 32. Rc7 Rxa5 33. Rxc6 Rxa3
34. Kf2 Rb3 35. Rc5 Kf6 36. Rxd5 Rxc3 37. Rxb5 Ke6 38. Re5+ Kd6 39. f5 Rd3 40.
fxg6 fxg6 41. Rg5 Rxd4 42. Rxg6+ Ke7 43. Kf3 Rd5 44. Kf4 Kf7 45. Rg5 Rd4+ 46.
Kg3 h4+ 47. Kf3 Kf6 48. Rg4 Rd3+ 49. Ke2 Ra3 50. Rxh4 Kg5 51. Rc4 Rb3 52. Kf2
Ra3 53. h4+ Kh5 54. g3 Rb3 55. Kg2 Kg6 56. Rc5 Kh6 57. Kh3 Rb4 58. h5 Re4 59.
g4 Rd4 60. Kh4 Rb4 61. Rc6+ Kg7 62. h6+ Kh7 63. Kh5 Rb5+ 64. g5 Rd5 65. Rc7+
Kh8 66. Kg6 Rd8 67. Re7 Kg8 68. Kf6 Rc8 69. g6 Kh8 70. Rd7 Kg8 71. Ke7 1-0